ARRUPE JESUIT UNIVERSITY

CORONAVIRUS -STOP THE SPREAD - CLEAN,DISINFECT,COVER

This present darkness : (Record no. 131414)

MARC details
000 -LEADER
fixed length control field 01094cam a22003137i 4500
001 - CONTROL NUMBER
control field 19219041
003 - CONTROL NUMBER IDENTIFIER
control field ARRUPE
005 - DATE AND TIME OF LATEST TRANSACTION
control field 20220511094151.0
008 - FIXED-LENGTH DATA ELEMENTS--GENERAL INFORMATION
fixed length control field 160806s2016 nyu b 001 0 eng d
010 ## - LIBRARY OF CONGRESS CONTROL NUMBER
LC control number 2016427543
020 ## - INTERNATIONAL STANDARD BOOK NUMBER
International Standard Book Number 019049431X
020 ## - INTERNATIONAL STANDARD BOOK NUMBER
International Standard Book Number 9780190494315
035 ## - SYSTEM CONTROL NUMBER
System control number (OCoLC)ocn921864733
040 ## - CATALOGING SOURCE
Original cataloging agency YDXCP
Language of cataloging eng
Transcribing agency YDXCP
Description conventions rda
Modifying agency BTCTA
-- BDX
-- OCLCQ
-- OCLCO
-- NTD
-- OCLCA
-- DLC
042 ## - AUTHENTICATION CODE
Authentication code lccopycat
043 ## - GEOGRAPHIC AREA CODE
Geographic area code f-nr---
050 00 - LIBRARY OF CONGRESS CALL NUMBER
Classification number HV6453.N6
Item number E55 2016
082 00 - DEWEY DECIMAL CLASSIFICATION NUMBER
Classification number 364.10609669
Edition number 23
300 ## - PHYSICAL DESCRIPTION
Dimensions 23 cm
100 1# - MAIN ENTRY--PERSONAL NAME
Personal name Ellis, Stephen,
Dates associated with a name 1953-2015,
Relator term author.
9 (RLIN) 51550
245 10 - TITLE STATEMENT
Title This present darkness :
Remainder of title a history of Nigerian organized crime /
Statement of responsibility, etc Stephen Ellis.
246 30 - VARYING FORM OF TITLE
Title proper/short title History of Nigerian organized crime
260 ## - PUBLICATION, DISTRIBUTION, ETC. (IMPRINT)
Place of publication, distribution, etc South Africa
Name of publisher, distributor, etc Jacana Media
Date of publication, distribution, etc 2016
300 ## - PHYSICAL DESCRIPTION
Extent xv, 313 pages ;
504 ## - BIBLIOGRAPHY, ETC. NOTE
Bibliography, etc Includes bibliographical references (pages 279-297) and index.
650 #0 - SUBJECT ADDED ENTRY--TOPICAL TERM
Topical term or geographic name as entry element Organized crime
Geographic subdivision Nigeria
General subdivision History.
9 (RLIN) 51551
906 ## - LOCAL DATA ELEMENT F, LDF (RLIN)
a 7
b cbc
c copycat
d 2
e ncip
f 20
g y-gencatlg
942 ## - ADDED ENTRY ELEMENTS (KOHA)
Source of classification or shelving scheme Library of Congress Classification
Koha item type Monograph ( Printed materials)
Holdings
Withdrawn status Lost status Source of classification or shelving scheme Damaged status Not for loan Collection code Home library Current library Shelving location Date acquired Total Checkouts Full call number Barcode Date last seen Price effective from Koha item type
    Library of Congress Classification     Main Collection ARRUPE LIBRARY ARRUPE LIBRARY Main Collection 11/05/2022   HV6453.N6 E55 2016 46600008482 11/05/2022 11/05/2022 Monograph ( Printed materials)

 

Arrupe Library. PO Box MP320 Mt Pleasant, Harare, Zimbabwe
263 242 745411|librarian@aju.ac.zw